Bulletin of the University of Agricultural Sciences, Gödöllő (Registro nro. 19507)

Detalles MARC
000 -CABECERA
Campo de control 01197cas a2200253 a 4500
005 - FECHA Y HORA DE LA ULTIMA TRANSACCION
Campo de control 20170526165421.0
008 - ELEMENTOS DE LONGITUD FIJA—INFORMACION GENERAL
Campo de control 880210d19861996hu ar p f0 a0eng c
022 ## - ISSN
ISSN 0237-8930
040 ## - FUENTE DE CATALOGACIÓN
Agencia catalogadora original LDL
Agencia transcriptora LDL
Agencia Modificadora DLC
-- NYG
-- NST
-- CRL
-- COO
-- NST
-- AGL
-- DLC
-- OCLCQ
-- DLC
-- OCLCQ
-- HEBIS
-- DEBBG
-- GBVCP
-- OCLCF
-- OCLCO
-- OCLCQ
-- OCLCO
041 0# - IDIOMA
Código de idioma para texto/pista de sonido o título separado Inglés
Código de idioma del sumario o resumen/título o subtítulo sobreimpreso hun
-- rus
090 ## - CLASIFICACIÓN LOCAL
Colección SE
245 00 - MENCION DE TITULO
Título Bulletin of the University of Agricultural Sciences, Gödöllő
260 ## - PUBLICACION, DISTRIBUCION, ETC. (PIE DE IMPRENTA)
Lugar de publicación, distribución, etc. Budapest (Hungría) :
Nombre del editor, distribuidor, etc. A Hírlapkiadó Vállalat,
Fecha de publicación, distribución, etc. 1986-1996.
300 ## - DESCRIPCION FISICA
Otros detalles físicos ilustraciones ;
Dimensiones 24 x 17 cm
310 ## - FRECUENCIA ACTUAL DE LA PUBLICACIÓN
Frecuencia actual de la publicación Anual
650 26 - ASIENTO SECUNDARIO DE MATERIA - TERMINO TEMATICO
Término temático o nombre geográfico como elemento de entrada Agricultura
Subdivisión geográfica Hungría
Subdivisión de forma Publicaciones periódicas
9 (RLIN) 81671
650 26 - ASIENTO SECUNDARIO DE MATERIA - TERMINO TEMATICO
Término temático o nombre geográfico como elemento de entrada Agricultura
Subdivisión de forma Publicaciones periódicas
9 (RLIN) 81672
650 26 - ASIENTO SECUNDARIO DE MATERIA - TERMINO TEMATICO
Término temático o nombre geográfico como elemento de entrada Agricultura
Subdivisión general Investigaciones
Subdivisión geográfica Hungría
Subdivisión de forma Publicaciones periódicas
9 (RLIN) 81673
710 2# - ASIENTO SECUNDARIO - NOMBRE CORPORATIVO
Nombre corporativo o de jurisdicción como elemento de entrada Gödöllői Agrártudományi Egyetem
9 (RLIN) 81670
776 08 - ADDITIONAL PHYSICAL FORM ENTRY
Display text Online version:
Title Bulletin of the University of Agricultural Sciences, Gödöllő
Record control number (OCoLC)697941143
780 00 - ASIENTO DEL TITULO ANTERIOR
Title Agrártudományi Egyetem közleményei
International Standard Serial Number 0365-1886
Record control number (DLC)sn 86013084
-- (OCoLC)1537556
785 00 - SUCCEEDING ENTRY
Title Bulletin of the Szent István University
International Standard Serial Number 1586-4502
Record control number (DLC) 2005206035
-- (OCoLC)46479250
942 ## - ELEMENTOS ADICIONALES (KOHA)
Sistema de clasificación Local
Tipo de ítem Periodica o revista
Serial record 1
Existencias
Withdrawn status Lost status Sistema de Clasificación Damaged status No para préstamo Colección Fecha publicación (Año) Inventariado Ubicación Permanente Ubicación actual Fecha de adquisición Datos de publicación Seriada Total Checkouts Número topográfico Inventario / Código de Barras Date last seen Ejemplar Price effective from Forma de adquisición Tipo de material Número revista
    Local     Hemeroteca 1990 Inventariado 2017 Bogotá Bogotá 26/05/2017 Año 1990   SE 041297 26/05/2017 Ej. 1 26/05/2017 Donación Periodica o revista  
    Local     Hemeroteca 1989 Inventariado 2017 Bogotá Bogotá 26/05/2017 Año 1989   SE 041296 26/05/2017 Ej. 1 26/05/2017 Donación Periodica o revista  
    Local     Hemeroteca 1988 Inventariado 2017 Bogotá Bogotá 26/05/2017 Año 1988   SE 041295 26/05/2017 Ej. 1 26/05/2017 Donación Periodica o revista  
    Local     Hemeroteca 1987 Inventariado 2017 Bogotá Bogotá 26/05/2017 Año 1987, Nro. 1   SE 041294 26/05/2017 Ej. 1 26/05/2017 Donación Periodica o revista 1
    Local     Hemeroteca 1986 Inventariado 2017 Bogotá Bogotá 26/05/2017 Año 1986, Nro. 1   SE 041293 26/05/2017 Ej. 1 26/05/2017 Donación Periodica o revista 1